<?xml version="1.0" encoding="UTF-8"?>
<marc:record xmlns:marc="http://www.loc.gov/MARC21/slim">
   <marc:leader>00000nam a2200000 a 4500</marc:leader>
   <marc:datafield ind1="1" ind2=" " tag="100">
      <marc:subfield code="a">Moretti, Tobias</marc:subfield>
   </marc:datafield>
   <marc:datafield ind1="0" ind2="0" tag="245">
      <marc:subfield code="a">Gipsy Queen</marc:subfield>
   </marc:datafield>
   <marc:datafield ind1=" " ind2="1" tag="264">
      <marc:subfield code="a">Wien</marc:subfield>
      <marc:subfield code="b">edition Filmladen</marc:subfield>
      <marc:subfield code="c">2021</marc:subfield>
   </marc:datafield>
   <marc:datafield ind1="1" ind2=" " tag="490">
      <marc:subfield code="a">5</marc:subfield>
   </marc:datafield>
   <marc:datafield ind1="1" ind2=" " tag="520">
      <marc:subfield code="a">Ali ist eine mutige alleinerziehende Mutter, voll Stolz, geleitet von tief liegender Tradition und im wahrsten Sinne des Wortes eine Kämpferin. Sie lebt mit ihren beiden Kindern in Hamburg. Nachdem sie ihren Job als Zimmermädchen verloren hat, heuert sie in der stadtbekannten Kiezkneipe "Ritze" an. Dort wird tagsüber im Keller geboxt. Alis Vater, der selbst ein leidenschaftlicher Boxer war, trainierte Ali von Kindesbeinen an. Sie sollte Weltmeisterin werden und sich selbst aus dem Elend in Rumänien befreien. Doch nachdem Ali in jungen Jahren mit ihrem Freund durchgebrannt war. verstieß sie ihr Vater. Eines Tages reißen ihre beiden Kinder aus und Ali scheint alles zu verlieren.</marc:subfield>
   </marc:datafield>
   <marc:datafield ind1="0" ind2=" " tag="490">
      <marc:subfield code="v">0</marc:subfield>
   </marc:datafield>
   <marc:datafield ind1=" " ind2=" " tag="300">
      <marc:subfield code="a">117 Min.</marc:subfield>
   </marc:datafield>
</marc:record>
